Diseño de diques rompeolas: conceptos generales comportamiento estructural y funcional. proceso constructivo
Tallennettuna:
| Päätekijät: | , |
|---|---|
| Aineistotyyppi: | Kirja |
| Kieli: | espanja |
| Julkaistu: |
Madrid
Colegio de Ingenieros de Caminos, Canales y Puertos
2008
|
| Sarja: | Colección Seinor, 28
|
| Aiheet: | |
| Tagit: |
Lisää tagi
Ei tageja, Lisää ensimmäinen tagi!
|
MARC
| LEADER | 00000nam a2200000 a 4500 | ||
|---|---|---|---|
| 001 | UCG2703 | ||
| 003 | CL-VaPUC | ||
| 008 | 100723e20080000SP |||||||||||||||||spa|d | ||
| 020 | |a 8438004029 | ||
| 082 | 0 | 4 | |a 627.24 |b NEG |2 21 |
| 100 | |a Negro Valdecantos, Vicente |e autor |9 556525 | ||
| 700 | 0 | |a Varela Carnero, Ovidio |e author |9 551247 | |
| 245 | 1 | 0 | |a Diseño de diques rompeolas: conceptos generales comportamiento estructural y funcional. proceso constructivo |
| 300 | |a 421 p | ||
| 942 | |c BK | ||
| 945 | |d 20100723 00:00:00 |a dcastane | ||
| 260 | |a Madrid |b Colegio de Ingenieros de Caminos, Canales y Puertos |c 2008 | ||
| 650 | 0 | |a Arquitectura naval |9 261969 | |
| 650 | 0 | |a Astilleros |9 367735 | |
| 650 | 7 | |a DIQUES |2 CL-VaPUC |9 367736 | |
| 650 | 7 | |a CONSTRUCCION NAVAL |2 CL-VaPUC |9 260853 | |
| 583 | |a last modification |c 20100723 00:00:00 |k Rodrigo Vera | ||
| 490 | 0 | |a Colección Seinor, 28 | |
| 999 | |c 341833 |d 341831 | ||
| 952 | |0 0 |1 0 |4 0 |6 627_240000000000000_NEG_2008 |7 0 |8 A |9 437616 |a BIBING |b BIBING |d 2019-11-22 |i 4695887 |o 627.24 NEG 2008 |p 4695887 |r 2025-01-20 |w 2019-11-22 |y BK |k CIC | ||
| 952 | |0 0 |1 0 |4 0 |6 627_240000000000000_NEG_2008 |7 0 |8 A |9 437617 |a BIBARQ |b BIBARQ |d 2019-11-22 |i 477521K |o 627.24 NEG 2008 |p 477521K |r 2025-01-20 |w 2019-11-22 |y BK |k ARQ | ||